The United Nations Political System, (Record no. 13099)
[ view plain ]
| 000 -LEADER | |
|---|---|
| fixed length control field | 00752cam a22002171 4500 |
| 001 - CONTROL NUMBER | |
| control field | 2645123 |
| 005 - DATE AND TIME OF LATEST TRANSACTION | |
| control field | 20090828130536.0 |
| 008 - FIXED-LENGTH DATA ELEMENTS--GENERAL INFORMATION | |
| fixed length control field | 711012s1967 nyu | b i000 0 eng d |
| 010 ## - LIBRARY OF CONGRESS CONTROL NUMBER | |
| LC control number | 67029937 |
| 040 ## - CATALOGING SOURCE | |
| Original cataloging agency | DLC |
| Transcribing agency | DLC |
| Modifying agency | DLC |
| 050 00 - LIBRARY OF CONGRESS CALL NUMBER | |
| Classification number | JX1977 |
| Item number | .K35 |
| 082 00 - DEWEY DECIMAL CLASSIFICATION NUMBER | |
| Classification number | 341.23 |
| Edition number | 22 |
| Item number | KAY |
| 245 14 - TITLE STATEMENT | |
| Title | The United Nations Political System, |
| Statement of responsibility, etc | Edited by David A. Kay. |
| 260 ## - PUBLICATION, DISTRIBUTION, ETC. (IMPRINT) | |
| Place of publication, distribution, etc | New York: |
| Name of publisher, distributor, etc | John Wiley,1967 |
| Date of publication, distribution, etc | 1967 |
| 300 ## - PHYSICAL DESCRIPTION | |
| Extent | 419 p.; |
| Dimensions | 24 cm. |
| 500 ## - GENERAL NOTE | |
| General note | Donated By Alaa Abd ElGhany |
| 610 20 - SUBJECT ADDED ENTRY--CORPORATE NAME | |
| Corporate name or jurisdiction name as entry element | United Nations. |
| 9 (RLIN) | 10215 |
| 700 ## - ADDED ENTRY--PERSONAL NAME | |
| 9 (RLIN) | 10214 |
| Personal name | Kay, David A., |
| Dates associated with a name | 1940- |
| 942 ## - ADDED ENTRY ELEMENTS (KOHA) | |
| Source of classification or shelving scheme | Dewey Decimal Classification |
| Item type | Book - Borrowing |
| Withdrawn status | Item status | Source of classification or shelving scheme | Damaged status | Not for loan | Vendor | Home library | Current library | Shelving location | Date acquired | Source of acquisition | Total Checkouts | Total Renewals | Full call number | Barcode | Date last seen | Date last borrowed | Koha item type |
|---|---|---|---|---|---|---|---|---|---|---|---|---|---|---|---|---|---|
| Dewey Decimal Classification | Central Library | Central Library | First floor | 05/01/2010 | Donation | 2 | 6 | 341.23 KAY | 000019407 | 15/07/2025 | 15/04/2019 | Book - Borrowing |